[Event "18. Open Ciutat de Montcada 2010"]
[Site "Montcada i Reixac ESP"]
[Date "2010.06.27"]
[Round "3.4"]
[White "Almeida Quintana, Omar"]
[Black "Panelo, Marcelo"]
[Result "1-0"]
[WhiteElo "2541"]
[BlackElo "2450"]
[PlyCount "123"]
[EventDate "2010.06.25"]
[EventType "swiss"]
[EventRounds "9"]
[EventCountry "ESP"]
[Source "lmi"]
[SourceDate "2010.06.25"]

1. c4 e6 2. Nf3 Nf6 3. d4 d5 4. Nc3 Be7 5. g3 dxc4 6. Bg2 O-O 7. O-O Nc6 8. e3
Rb8 9. Qa4 Nb4 10. Ne5 a6 11. a3 Nd3 12. Qxc4 Nxe5 13. dxe5 Nd7 14. f4 b5 15.
Qe2 Bb7 16. Rd1 Qc8 17. Bxb7 Rxb7 18. a4 Nc5 19. axb5 axb5 20. Nxb5 Nb3 21. Ra2
Qe8 22. Nd4 Nxd4 23. exd4 Qd7 24. Qf3 c6 25. Ra4 Rb5 26. Rc4 Rd5 27. b4 Rb8 28.
Qc3 Rb6 29. Be3 Qb7 30. Rc1 Bxb4 31. Qc2 Bf8 32. Rxc6 Rxc6 33. Qxc6 Qb3 34. Qc3
Qb5 35. Kf2 Rd8 36. g4 h6 37. f5 Ra8 38. Qc4 Qd7 39. Qc6 Ra2+ 40. Kg3 Qe7 41.
Rf1 Ra3 42. Rf3 exf5 43. gxf5 Rxe3 44. Rxe3 Qg5+ 45. Kf2 Qf4+ 46. Qf3 Qxd4 47.
Kg2 Bc5 48. Re4 Qd2+ 49. Kh3 Qg5 50. Rg4 Qd8 51. f6 Qd7 52. Kg3 g6 53. h4 h5
54. Rg5 Qd4 55. Kh3 Qd7+ 56. Kg3 Qd2 57. Qe4 Qf2+ 58. Kh3 Qf1+ 59. Kh2 Qf2+ 60.
Rg2 Qf1 61. Rxg6+ fxg6 62. Qd5+ 1-0

[Event "18. Open Ciutat de Montcada 2010"]
[Site "Montcada i Reixac ESP"]
[Date "2010.06.27"]
[Round "3.5"]
[White "Karlsson, Lars"]
[Black "Narciso Dublan, Marc"]
[Result "1-0"]
[WhiteElo "2453"]
[BlackElo "2535"]
[PlyCount "109"]
[EventDate "2010.06.25"]
[EventType "swiss"]
[EventRounds "9"]
[EventCountry "ESP"]
[Source "lmi"]
[SourceDate "2010.06.25"]

1. b3 e5 2. Bb2 Nc6 3. e3 Nf6 4. Bb5 Bd6 5. Na3 e4 6. Nc4 Be7 7. f4 Nb4 8. Ne5
O-O 9. a3 Nbd5 10. Be2 d6 11. Ng4 Nxg4 12. Bxg4 Bh4+ 13. g3 Bxg4 14. Qxg4 Bf6
15. Bxf6 Qxf6 16. Rb1 a5 17. Nh3 Nb6 18. f5 d5 19. Nf4 Rfd8 20. O-O d4 21. Nh5
Qh6 22. f6 g6 23. Ng7 dxe3 24. Nf5 Qh5 25. Qxh5 gxh5 26. dxe3 Kf8 27. Rf4 Nd5
28. Rxe4 Nc3 29. Re7 Nxb1 30. Nh6 Rd1+ 31. Kg2 Rd2+ 32. Kh3 Ra6 33. Rxf7+ Ke8
34. Re7+ Kf8 35. Rf7+ Ke8 36. Re7+ Kd8 37. Nf7+ Kc8 38. Re8+ Kd7 39. Re7+ Kc8
40. Re8+ Kd7 41. Re7+ Kc6 42. e4 Rf2 43. Ne5+ Kd6 44. Nc4+ Kc5 45. e5 b5 46.
Nb2 Rf5 47. Nd3+ Kd4 48. f7 Nxa3 49. Nf4 Nxc2 50. e6 Ke5 51. Rxc7 Ra8 52. Rc5+
Kd6 53. Rxf5 Ke7 54. Rg5 Rf8 55. Rxb5 1-0

[Event "18. Open Ciutat de Montcada 2010"]
[Site "Montcada i Reixac ESP"]
[Date "2010.06.27"]
[Round "3.6"]
[White "Munoz Pantoja, Miguel"]
[Black "Asis Gargatagli, Hipolit"]
[Result "1/2-1/2"]
[WhiteElo "2476"]
[BlackElo "2406"]
[PlyCount "46"]
[EventDate "2010.06.25"]
[EventType "swiss"]
[EventRounds "9"]
[EventCountry "ESP"]
[Source "lmi"]
[SourceDate "2010.06.25"]

1. e4 e5 2. Nf3 Nc6 3. Bb5 a6 4. Ba4 Nf6 5. Bxc6 dxc6 6. d3 Nd7 7. Nbd2 g6 8.
b3 Bg7 9. Bb2 O-O 10. O-O c5 11. Nc4 f6 12. c3 Re8 13. Re1 Nf8 14. d4 exd4 15.
cxd4 b5 16. Na5 cxd4 17. Qxd4 Qxd4 18. Nxd4 f5 19. Rac1 Rxe4 20. Rxe4 fxe4 21.
Rxc7 Bxd4 22. Bxd4 Ne6 23. Ra7 Rxa7 1/2-1/2

[Event "18. Open Ciutat de Montcada 2010"]
[Site "Montcada i Reixac ESP"]
[Date "2010.06.27"]
[Round "3.7"]
[White "Hernando Rodrigo, Jose Maria"]
[Black "Bruzon Batista, Lazaro"]
[Result "0-1"]
[WhiteElo "2328"]
[BlackElo "2668"]
[PlyCount "76"]
[EventDate "2010.06.25"]
[EventType "swiss"]
[EventRounds "9"]
[EventCountry "ESP"]
[Source "lmi"]
[SourceDate "2010.06.25"]

1. d4 Nf6 2. Nf3 g6 3. Bf4 Bg7 4. e3 d6 5. h3 O-O 6. Be2 c5 7. O-O Qb6 8. Nbd2
Be6 9. dxc5 Qxc5 10. c3 Qb6 11. Qc2 Nc6 12. e4 Rac8 13. Be3 Qc7 14. Nd4 Bd7 15.
Nxc6 Bxc6 16. f4 b5 17. Bd3 a6 18. Rf2 Nd7 19. Raf1 Bb7 20. Nb3 Ba8 21. Qe2
Rfd8 22. Kh1 Nf6 23. Bc1 Qb7 24. Re1 e5 25. Kh2 exf4 26. Bxf4 Nh5 27. Be3 d5
28. exd5 Qc7+ 29. Kg1 Be5 30. g4 Nf4 31. Bxf4 Bxf4 32. Ref1 Re8 33. Be4 Bg5 34.
Rxf7 Qg3+ 35. Qg2 Qe3+ 36. Kh1 Rxe4 37. R7f3 Qa7 38. Nd4 Bxd5 0-1

[Event "18. Open Ciutat de Montcada 2010"]
[Site "Montcada i Reixac ESP"]
[Date "2010.06.27"]
[Round "3.8"]
[White "Bhat, Vinay S"]
[Black "Perpinya Rofes, Lluis Maria"]
[Result "0-1"]
[WhiteElo "2547"]
[BlackElo "2344"]
[PlyCount "104"]
[EventDate "2010.06.25"]
[EventType "swiss"]
[EventRounds "9"]
[EventCountry "ESP"]
[Source "lmi"]
[SourceDate "2010.06.25"]

1. d4 Nf6 2. c4 g6 3. Nc3 Bg7 4. e4 d6 5. Nf3 O-O 6. Be2 c5 7. d5 e6 8. Nd2
exd5 9. cxd5 Re8 10. O-O Nbd7 11. a4 Ne5 12. Re1 Bg4 13. f3 Bd7 14. f4 Neg4 15.
Bf3 Nxe4 16. Ncxe4 Bd4+ 17. Kh1 Qh4 18. h3 Nf2+ 19. Nxf2 Bxf2 20. Rf1 Re1 21.
Qxe1 Bxe1 22. Ne4 Re8 23. Ra3 Bb4 24. Re3 Bxa4 25. b3 f5 26. Nxd6 Rxe3 27. Bxe3
Qe7 28. bxa4 Qxd6 29. g4 Bc3 30. gxf5 gxf5 31. Rg1+ Kf7 32. Rg5 Bf6 33. Rxf5
Kg7 34. Kg2 c4 35. Be4 c3 36. Rh5 h6 37. f5 Qe5 38. Kf3 Qh2 39. Bxh6+ Kf7 40.
Be3 Qh1+ 41. Kf4 Qh2+ 42. Kf3 c2 43. Rh7+ Kg8 44. Rxb7 Qxh3+ 45. Ke2 Qxe3+ 46.
Kxe3 c1=Q+ 47. Ke2 Bd4 48. Rb3 Qc4+ 49. Rd3 Qc2+ 50. Ke1 Qf2+ 51. Kd1 Qf1+ 52.
Kd2 Qf4+ 0-1

[Event "18. Open Ciutat de Montcada 2010"]
[Site "Montcada i Reixac ESP"]
[Date "2010.06.27"]
[Round "3.9"]
[White "Cruz, Cristhian"]
[Black "Gomez Jurado, Luis Alberto"]
[Result "1-0"]
[WhiteElo "2533"]
[BlackElo "2287"]
[PlyCount "45"]
[EventDate "2010.06.25"]
[EventType "swiss"]
[EventRounds "9"]
[EventCountry "ESP"]
[Source "lmi"]
[SourceDate "2010.06.25"]

1. d4 Nf6 2. c4 e6 3. Nc3 Bb4 4. Qc2 d5 5. cxd5 exd5 6. Bg5 c5 7. dxc5 h6 8.
Bh4 g5 9. Bg3 Ne4 10. e3 Qa5 11. Be5 O-O 12. Bd3 Re8 13. Bxe4 dxe4 14. Bg3 Be6
15. Nge2 Bc4 16. O-O Bxc3 17. Nxc3 Bd3 18. Qb3 Nd7 19. Rfc1 Nxc5 20. Qd5 Rac8
21. Qf5 Bc4 22. Nxe4 Bd3 23. Rxc5 1-0

[Event "18. Open Ciutat de Montcada 2010"]
[Site "Montcada i Reixac ESP"]
[Date "2010.06.27"]
[Round "3.10"]
[White "Del Valle Cirera, Adria"]
[Black "Cuartas, Jaime Alexander"]
[Result "0-1"]
[WhiteElo "2199"]
[BlackElo "2529"]
[PlyCount "78"]
[EventDate "2010.06.25"]
[EventType "swiss"]
[EventRounds "9"]
[EventCountry "ESP"]
[Source "lmi"]
[SourceDate "2010.06.25"]

1. e4 c5 2. Nf3 Nc6 3. Bb5 g6 4. c3 Nf6 5. Qe2 Bg7 6. O-O O-O 7. h3 e5 8. Rd1
Re8 9. d3 d6 10. Nbd2 Qc7 11. Nf1 a6 12. Ba4 b5 13. Bb3 Na5 14. Bc2 Bb7 15. Ng3
d5 16. Bg5 h6 17. Bxf6 Bxf6 18. b4 cxb4 19. cxb4 Nc6 20. Bb3 Nd4 21. Nxd4 exd4
22. Qg4 Qd6 23. f4 Bg7 24. Rac1 h5 25. Qg5 dxe4 26. f5 Re5 27. Qxg6 Qxg6 28.
fxg6 e3 29. Bxf7+ Kh8 30. Rc7 Bd5 31. Bxd5 Rxd5 32. Rf1 Rg5 33. Rff7 Be5 34.
Ne4 Rxg6 35. Rce7 e2 36. Kf2 Rxg2+ 37. Ke1 Rc8 38. Nf2 Bd6 39. Rd7 Re8 0-1

[Event "18. Open Ciutat de Montcada 2010"]
[Site "Montcada i Reixac ESP"]
[Date "2010.06.28"]
[Round "4.1"]
[White "Larino Nieto, David"]
[Black "Cruz, Filemon"]
[Result "1-0"]
[WhiteElo "2461"]
[BlackElo "2447"]
[PlyCount "65"]
[EventDate "2010.06.25"]
[EventType "swiss"]
[EventRounds "9"]
[EventCountry "ESP"]
[Source "lmi"]
[SourceDate "2010.06.25"]

1. e4 c5 2. Nc3 Nc6 3. g3 g6 4. Bg2 Bg7 5. d3 d6 6. f4 Rb8 7. Nf3 b5 8. O-O Nf6
9. h3 b4 10. Ne2 O-O 11. g4 Nd7 12. Ng3 Bb7 13. g5 Qc7 14. h4 Nd4 15. Kh2 c4
16. Nxd4 Bxd4 17. Ne2 Bg7 18. d4 c3 19. bxc3 Ba6 20. Rf3 Bxe2 21. Qxe2 bxc3 22.
e5 dxe5 23. dxe5 Nb6 24. h5 Nd5 25. h6 Bh8 26. Rd3 Nb4 27. Rd4 Rfd8 28. Rc4 Qa5
29. Rb1 Nxa2 30. Rxb8 Rxb8 31. Be3 a6 32. Rc5 Qa4 33. Bc6 1-0

[Event "18. Open Ciutat de Montcada 2010"]
[Site "Montcada i Reixac ESP"]
[Date "2010.06.28"]
[Round "4.2"]
[White "Karlsson, Lars"]
[Black "Gonzalez Vidal, Yuri"]
[Result "1/2-1/2"]
[WhiteElo "2453"]
[BlackElo "2543"]
[PlyCount "60"]
[EventDate "2010.06.25"]
[EventType "swiss"]
[EventRounds "9"]
[EventCountry "ESP"]
[Source "lmi"]
[SourceDate "2010.06.25"]

1. c4 c5 2. g3 Nc6 3. Bg2 g6 4. Nc3 Bg7 5. e3 e6 6. Nge2 Nge7 7. Nf4 O-O 8. a3
a6 9. O-O Rb8 10. Nd3 d6 11. b4 b6 12. Rb1 cxb4 13. axb4 b5 14. cxb5 axb5 15.
Bb2 Bb7 16. f4 Na7 17. Ne4 Bxb2 18. Rxb2 Bxe4 19. Bxe4 Nac8 20. Nf2 d5 21. Bf3
Nd6 22. Qb3 Nc4 23. Ra2 Ra8 24. Rxa8 Qxa8 25. Qc3 Qa3 26. Qxa3 Nxa3 27. Ra1 Nc2
28. Ra5 Rb8 29. Be2 Nxb4 30. Rxb5 Rxb5 1/2-1/2

[Event "18. Open Ciutat de Montcada 2010"]
[Site "Montcada i Reixac ESP"]
[Date "2010.06.28"]
[Round "4.3"]
[White "Perez Mitjans, Orelvis"]
[Black "Almeida Quintana, Omar"]
[Result "1/2-1/2"]
[WhiteElo "2420"]
[BlackElo "2541"]
[PlyCount "62"]
[EventDate "2010.06.25"]
[EventType "swiss"]
[EventRounds "9"]
[EventCountry "ESP"]
[Source "lmi"]
[SourceDate "2010.06.25"]

1. e4 g6 2. Nc3 Bg7 3. g3 c5 4. Bg2 Nc6 5. d3 d6 6. Be3 Rb8 7. Qd2 b5 8. f4 b4
9. Nd1 e6 10. Ne2 Nd4 11. O-O Ne7 12. g4 f5 13. h3 O-O 14. Ng3 Qd7 15. c3 bxc3
16. bxc3 Ndc6 17. exf5 exf5 18. Nf2 Bb7 19. gxf5 Nxf5 20. Nxf5 gxf5 21. Kh2 Kh8
22. Rg1 Nd4 23. cxd4 cxd4 24. Rab1 Bxg2 25. Rxb8 Rxb8 26. Rxg2 dxe3 27. Qxe3
Re8 28. Qf3 Qa4 29. Nh1 Bh6 30. Rf2 Qd4 31. Ng3 Rf8 1/2-1/2

[Event "18. Open Ciutat de Montcada 2010"]
[Site "Montcada i Reixac ESP"]
[Date "2010.06.28"]
[Round "4.4"]
[White "Bruzon Batista, Lazaro"]
[Black "Mihailovs, Jurijs"]
[Result "1-0"]
[WhiteElo "2668"]
[BlackElo "2405"]
[PlyCount "71"]
[EventDate "2010.06.25"]
[EventType "swiss"]
[EventRounds "9"]
[EventCountry "ESP"]
[Source "lmi"]
[SourceDate "2010.06.25"]

1. d4 Nf6 2. c4 e6 3. g3 Bb4+ 4. Bd2 c5 5. Bg2 Qb6 6. d5 Bxd2+ 7. Qxd2 d6 8. e4
O-O 9. Ne2 exd5 10. cxd5 Re8 11. f3 Nbd7 12. Na3 Ne5 13. O-O Qa6 14. Nc3 Bd7
15. f4 Nc4 16. Qe2 Nxa3 17. Qxa6 bxa6 18. bxa3 Bb5 19. Rfe1 Nd7 20. Rab1 Rab8
21. Bh3 Nf8 22. e5 dxe5 23. fxe5 Bc4 24. Rbc1 Rbd8 25. Rcd1 a5 26. Re4 Ba6 27.
Ra4 Rxe5 28. Rxa5 Rd6 29. Rxc5 Ne6 30. Rb1 g5 31. dxe6 Rxc5 32. e7 Re5 33. Rb8+
Kg7 34. e8=Q Rxe8 35. Rxe8 Rd3 36. Bf1 1-0

[Event "18. Open Ciutat de Montcada 2010"]
[Site "Montcada i Reixac ESP"]
[Date "2010.06.28"]
[Round "4.5"]
[White "Mestre Bellido, Hector"]
[Black "Cruz, Cristhian"]
[Result "1-0"]
[WhiteElo "2404"]
[BlackElo "2533"]
[PlyCount "79"]
[EventDate "2010.06.25"]
[EventType "swiss"]
[EventRounds "9"]
[EventCountry "ESP"]
[Source "lmi"]
[SourceDate "2010.06.25"]

1. e4 c5 2. Nf3 d6 3. d4 cxd4 4. Nxd4 Nf6 5. Nc3 a6 6. Be2 e6 7. f4 Be7 8. O-O
Nc6 9. Kh1 Qc7 10. a4 O-O 11. Be3 Re8 12. Nxc6 bxc6 13. a5 Bb7 14. Bb6 Qb8 15.
Bd3 c5 16. f5 Qc8 17. Qe2 Nd7 18. fxe6 fxe6 19. Bc4 Bf6 20. Rad1 Nxb6 21. axb6
Be5 22. Qh5 g6 23. Qg4 Qd7 24. Nd5 Qc6 25. Nc7 Qxe4 26. Bxe6+ Rxe6 27. Qxe6+
Kh8 28. Qh3 Rg8 29. Rfe1 Qxc2 30. Nd5 Qxb2 31. Qf3 a5 32. Qf7 Rg7 33. Qf8+ Rg8
34. Qe7 Bc6 35. Qc7 Bxd5 36. Rxd5 a4 37. Rdd1 a3 38. Rb1 Qd4 39. b7 a2 40. b8=Q
1-0

[Event "18. Open Ciutat de Montcada 2010"]
[Site "Montcada i Reixac ESP"]
[Date "2010.06.28"]
[Round "4.6"]
[White "Cuartas, Jaime Alexander"]
[Black "Lorenzo De La Riva, Lazaro"]
[Result "1-0"]
[WhiteElo "2529"]
[BlackElo "2390"]
[PlyCount "99"]
[EventDate "2010.06.25"]
[EventType "swiss"]
[EventRounds "9"]
[EventCountry "ESP"]
[Source "lmi"]
[SourceDate "2010.06.25"]

1. e4 g6 2. d4 Bg7 3. Nc3 a6 4. a4 d6 5. Nf3 Nf6 6. Bc4 O-O 7. O-O Bg4 8. h3
Bxf3 9. Qxf3 Nc6 10. Ne2 Nd7 11. c3 Nde5 12. dxe5 Nxe5 13. Bxf7+ Rxf7 14. Qg3
Qd7 15. f4 Raf8 16. Rd1 Nc6 17. e5 Qf5 18. exd6 exd6 19. Qd3 Qxd3 20. Rxd3 Re8
21. Re3 Rfe7 22. Kf2 Na5 23. Rxe7 Rxe7 24. Be3 Nc4 25. Bc1 c5 26. b3 Na5 27.
Rb1 Nc6 28. Be3 b6 29. Rd1 Rd7 30. c4 Kf7 31. g4 Ke8 32. Kf3 Nb4 33. Ng3 Nc2
34. Ne4 Ke7 35. Bf2 Nd4+ 36. Bxd4 cxd4 37. Re1 Kd8 38. Ng5 Kc7 39. Ne6+ Kc6 40.
b4 d5 41. c5 d3 42. Nxg7 bxc5 43. Ne6 c4 44. Nc5 Rd6 45. Re6 Rxe6 46. Nxe6 d4
47. Nxd4+ Kd5 48. Ke3 d2 49. Kxd2 Kxd4 50. f5 1-0

[Event "18. Open Ciutat de Montcada 2010"]
[Site "Montcada i Reixac ESP"]
[Date "2010.06.28"]
[Round "4.7"]
[White "Perpinya Rofes, Lluis Maria"]
[Black "Munoz Pantoja, Miguel"]
[Result "1-0"]
[WhiteElo "2344"]
[BlackElo "2476"]
[PlyCount "75"]
[EventDate "2010.06.25"]
[EventType "swiss"]
[EventRounds "9"]
[EventCountry "ESP"]
[Source "lmi"]
[SourceDate "2010.06.25"]

1. e4 d5 2. exd5 Qxd5 3. Nc3 Qa5 4. d4 Nf6 5. Nf3 Nc6 6. Bb5 Ne4 7. a4 a6 8.
Bxc6+ bxc6 9. O-O Nxc3 10. bxc3 Bg4 11. h3 Bh5 12. Re1 Qxc3 13. Ra3 Bxf3 14.
Rxc3 Bxd1 15. Rxd1 e6 16. Rxc6 Bd6 17. d5 Kd7 18. Rc4 e5 19. f4 Rab8 20. fxe5
Bxe5 21. Be3 Rb2 22. Bd4 Bxd4+ 23. Rdxd4 Rhb8 24. Rf4 Rf8 25. Rc6 Rb6 26. Rfc4
Rxc6 27. Rxc6 Rb8 28. Rxa6 Rb4 29. Ra8 Rc4 30. a5 Rxc2 31. a6 Ra2 32. a7 f5 33.
d6 g5 34. dxc7 Kxc7 35. Rh8 Rxa7 36. Rxh7+ Kb6 37. Rxa7 Kxa7 38. g3 1-0

[Event "18. Open Ciutat de Montcada 2010"]
[Site "Montcada i Reixac ESP"]
[Date "2010.06.28"]
[Round "4.8"]
[White "Asis Gargatagli, Hipolit"]
[Black "Alonso Garcia, Rene Marcial"]
[Result "1/2-1/2"]
[WhiteElo "2406"]
[BlackElo "2393"]
[PlyCount "28"]
[EventDate "2010.06.25"]
[EventType "swiss"]
[EventRounds "9"]
[EventCountry "ESP"]
[Source "lmi"]
[SourceDate "2010.06.25"]

1. e4 e5 2. f4 d5 3. exd5 c6 4. Nc3 exf4 5. Nf3 Bd6 6. d4 Ne7 7. Bc4 O-O 8. O-O
cxd5 9. Nxd5 Ng6 10. Ne5 Bxe5 11. dxe5 Be6 12. Bxf4 Nc6 13. Bb3 Nxf4 14. Rxf4
Nxe5 1/2-1/2

[Event "18. Open Ciutat de Montcada 2010"]
[Site "Montcada i Reixac ESP"]
[Date "2010.06.28"]
[Round "4.9"]
[White "Cotonnec, Melkior"]
[Black "Narciso Dublan, Marc"]
[Result "0-1"]
[WhiteElo "2296"]
[BlackElo "2535"]
[PlyCount "62"]
[EventDate "2010.06.25"]
[EventType "swiss"]
[EventRounds "9"]
[EventCountry "ESP"]
[Source "lmi"]
[SourceDate "2010.06.25"]

1. e4 c6 2. d4 d5 3. e5 Bf5 4. h4 h6 5. g4 Bd7 6. Be3 h5 7. gxh5 Nh6 8. Ne2 Bg4
9. Bh3 Bxh3 10. Rxh3 e6 11. Bg5 Be7 12. Bxe7 Qxe7 13. c3 c5 14. Na3 a6 15. Nc2
Nc6 16. Ne3 Ng8 17. h6 Nxh6 18. Qd2 Rc8 19. f4 cxd4 20. cxd4 f6 21. Rc1 O-O 22.
Rc3 fxe5 23. fxe5 Qf7 24. h5 Qf2+ 25. Kd1 Rf3 26. Rh1 Rcf8 27. Qe1 Qxe1+ 28.
Kxe1 Kh7 29. Rg1 Rf2 30. Rg6 Rh2 31. Rc2 Rf3 0-1

[Event "18. Open Ciutat de Montcada 2010"]
[Site "Montcada i Reixac ESP"]
[Date "2010.06.28"]
[Round "4.10"]
[White "Panelo, Marcelo"]
[Black "Martinez Duany, Lelys Stanley"]
[Result "1/2-1/2"]
[WhiteElo "2450"]
[BlackElo "2515"]
[PlyCount "85"]
[EventDate "2010.06.25"]
[EventType "swiss"]
[EventRounds "9"]
[EventCountry "ESP"]
[Source "lmi"]
[SourceDate "2010.06.25"]

1. d4 Nf6 2. c4 d6 3. Nf3 Nbd7 4. Nc3 e5 5. g3 g6 6. Bg2 Bg7 7. O-O O-O 8. e4
c6 9. h3 a5 10. Be3 Qe7 11. Re1 Re8 12. Qd2 Qf8 13. Rad1 exd4 14. Bxd4 Ne5 15.
Nxe5 dxe5 16. Be3 Be6 17. Na4 Red8 18. Qc2 Nd7 19. c5 Bh6 20. b3 Bxe3 21. Rxe3
Nf6 22. Red3 Rxd3 23. Qxd3 Qh6 24. Nb6 Re8 25. Qd6 Kg7 26. h4 Bg4 27. Re1 Qh5
28. Qd2 Bf3 29. Nc4 Re7 30. Qg5 Bxg2 31. Qxh5 Nxh5 32. Kxg2 a4 33. bxa4 Nf6 34.
Nd6 Ne8 35. Nxe8+ Rxe8 36. Rb1 Ra8 37. Rxb7 Rxa4 38. Rb6 Rxe4 39. Rxc6 Ra4 40.
Rc7 Rxa2 41. Kf3 Kf6 42. Rc6+ Ke7 43. h5 1/2-1/2

[Event "18. Open Ciutat de Montcada 2010"]
[Site "Montcada i Reixac ESP"]
[Date "2010.06.29"]
[Round "5.1"]
[White "Larino Nieto, David"]
[Black "Bruzon Batista, Lazaro"]
[Result "1/2-1/2"]
[WhiteElo "2461"]
[BlackElo "2668"]
[PlyCount "39"]
[EventDate "2010.06.25"]
[EventType "swiss"]
[EventRounds "9"]
[EventCountry "ESP"]
[Source "lmi"]
[SourceDate "2010.06.25"]

1. e4 c5 2. Nc3 Nc6 3. g3 g6 4. Bg2 Bg7 5. d3 d6 6. f4 e5 7. Nh3 exf4 8. Bxf4
Nge7 9. O-O O-O 10. Qd2 Rb8 11. Bh6 Bxh3 12. Bxh3 b5 13. Bxg7 Kxg7 14. Ne2 b4
15. Rf2 d5 16. Qe3 dxe4 17. dxe4 Qd6 18. Raf1 Qe5 19. Nf4 c4 20. b3 1/2-1/2

[Event "18. Open Ciutat de Montcada 2010"]
[Site "Montcada i Reixac ESP"]
[Date "2010.06.29"]
[Round "5.2"]
[White "Cruz, Filemon"]
[Black "Gonzalez Vidal, Yuri"]
[Result "1/2-1/2"]
[WhiteElo "2447"]
[BlackElo "2543"]
[PlyCount "46"]
[EventDate "2010.06.25"]
[EventType "swiss"]
[EventRounds "9"]
[EventCountry "ESP"]
[Source "lmi"]
[SourceDate "2010.06.25"]

1. c4 c5 2. Nc3 Nc6 3. g3 g6 4. Bg2 Bg7 5. d3 e5 6. Nf3 Nge7 7. O-O d6 8. a3 a5
9. Rb1 O-O 10. Ne1 Be6 11. Bg5 f6 12. Be3 Rb8 13. Nc2 Nd4 14. b4 axb4 15. axb4
b6 16. Bd2 Qd7 17. Ne3 Bh3 18. Ned5 Nxd5 19. Nxd5 Bxg2 20. Kxg2 Kh8 21. b5 Qb7
22. e3 Ne6 23. e4 f5 1/2-1/2

[Event "18. Open Ciutat de Montcada 2010"]
[Site "Montcada i Reixac ESP"]
[Date "2010.06.29"]
[Round "5.3"]
[White "Almeida Quintana, Omar"]
[Black "Mestre Bellido, Hector"]
[Result "1/2-1/2"]
[WhiteElo "2541"]
[BlackElo "2404"]
[PlyCount "63"]
[EventDate "2010.06.25"]
[EventType "swiss"]
[EventRounds "9"]
[EventCountry "ESP"]
[Source "lmi"]
[SourceDate "2010.06.25"]

1. d4 d5 2. c4 c6 3. Nf3 Nf6 4. Nc3 dxc4 5. a4 Bf5 6. Ne5 Nbd7 7. Nxc4 Qc7 8.
Qd2 Ne4 9. Qf4 Qxf4 10. Bxf4 Nb6 11. Ne3 Bg6 12. a5 Nxc3 13. axb6 Nb5 14. Nc4
e6 15. e3 Bb4+ 16. Nd2 a5 17. Bxb5 cxb5 18. Ke2 Kd7 19. Nb3 Bc2 20. Nc5+ Bxc5
21. dxc5 Kc6 22. Kd2 Bb3 23. Kc3 Bd5 24. b4 Bxg2 25. Rhd1 axb4+ 26. Kxb4 Rad8
27. Bd6 Bf3 28. Rd4 f5 29. h4 Rhg8 30. Rf4 Bd5 31. f3 g6 32. Kc3 1/2-1/2

[Event "18. Open Ciutat de Montcada 2010"]
[Site "Montcada i Reixac ESP"]
[Date "2010.06.29"]
[Round "5.4"]
[White "Cuartas, Jaime Alexander"]
[Black "Perez Mitjans, Orelvis"]
[Result "1-0"]
[WhiteElo "2529"]
[BlackElo "2420"]
[PlyCount "63"]
[EventDate "2010.06.25"]
[EventType "swiss"]
[EventRounds "9"]
[EventCountry "ESP"]
[Source "lmi"]
[SourceDate "2010.06.25"]

1. e4 g6 2. d4 Bg7 3. Nf3 d6 4. Nc3 a6 5. a4 Bg4 6. Be2 Nd7 7. O-O c6 8. a5 Qc7
9. Be3 Ngf6 10. Qd2 O-O 11. Bh6 e5 12. Bxg7 Kxg7 13. Rfd1 Rad8 14. h3 Bxf3 15.
Bxf3 Rfe8 16. d5 cxd5 17. Nxd5 Nxd5 18. exd5 f5 19. Be2 Nf6 20. c4 f4 21. b4 g5
22. Rac1 h5 23. c5 g4 24. c6 gxh3 25. gxh3 Qc8 26. Kh2 Ng4+ 27. hxg4 hxg4 28.
Rg1 Rh8+ 29. Kg2 Qf5 30. Bxg4 Qg6 31. Kf1 Kf6 32. c7 1-0

[Event "18. Open Ciutat de Montcada 2010"]
[Site "Montcada i Reixac ESP"]
[Date "2010.06.29"]
[Round "5.5"]
[White "Perpinya Rofes, Lluis Maria"]
[Black "Karlsson, Lars"]
[Result "1/2-1/2"]
[WhiteElo "2344"]
[BlackElo "2453"]
[PlyCount "113"]
[EventDate "2010.06.25"]
[EventType "swiss"]
[EventRounds "9"]
[EventCountry "ESP"]
[Source "lmi"]
[SourceDate "2010.06.25"]

1. e4 e6 2. d4 d5 3. Nc3 Bb4 4. e5 Qd7 5. a3 Bf8 6. Nf3 b6 7. b4 c6 8. Rb1 Ba6
9. b5 cxb5 10. Nxb5 Bb7 11. c4 dxc4 12. Bxc4 a6 13. Nc3 Qc7 14. Qd3 Nd7 15. Bd2
Ne7 16. O-O Nc6 17. Rfe1 Be7 18. Ne4 h6 19. Bf4 O-O 20. Rbc1 Rfd8 21. Qe3 b5
22. Ba2 Qb6 23. Bxh6 Nxd4 24. Nxd4 gxh6 25. Qxh6 Qxd4 26. Rc3 Bh4 27. Qxh4 Bxe4
28. Rce3 Nc5 29. Qf6 Qxe3 30. fxe3 Rd2 31. Qg5+ Kf8 32. Qh6+ Ke8 33. Bb1 Rxg2+
34. Kf1 Bb7 35. Rd1 Nd7 36. Qh8+ Nf8 37. Qh4 Rc8 38. Qf4 Ng6 39. Qd4 Bd5 40. e4
Rg4 41. Kf2 Rf4+ 42. Ke3 Rc4 43. Qa7 Rcxe4+ 44. Bxe4 Rxe4+ 45. Kd2 Kf8 46. Re1
Rh4 47. Re2 Kg7 48. Qxa6 b4 49. a4 b3 50. Kc3 b2 51. Rxb2 Nxe5 52. Qa7 Rh3+ 53.
Kc2 Rxh2+ 54. Kb1 Rh1+ 55. Kc2 Rh2+ 56. Kb1 Rh1+ 57. Kc2 1/2-1/2

[Event "18. Open Ciutat de Montcada 2010"]
[Site "Montcada i Reixac ESP"]
[Date "2010.06.29"]
[Round "5.6"]
[White "Narciso Dublan, Marc"]
[Black "Alonso Garcia, Rene Marcial"]
[Result "1-0"]
[WhiteElo "2535"]
[BlackElo "2393"]
[PlyCount "39"]
[EventDate "2010.06.25"]
[EventType "swiss"]
[EventRounds "9"]
[EventCountry "ESP"]
[Source "lmi"]
[SourceDate "2010.06.25"]

1. d4 Nf6 2. c4 c5 3. d5 b5 4. cxb5 a6 5. bxa6 g6 6. Nc3 Bg7 7. e4 O-O 8. e5
Ne8 9. Nf3 d6 10. exd6 exd6 11. Be2 Nxa6 12. O-O Qb6 13. Nd2 Bb7 14. Nc4 Qd8
15. Bf4 Nac7 16. Qd2 Ra6 17. a4 Qa8 18. a5 Qa7 19. Bf3 Qb8 20. Ra3 1-0

[Event "18. Open Ciutat de Montcada 2010"]
[Site "Montcada i Reixac ESP"]
[Date "2010.06.29"]
[Round "5.7"]
[White "Sanchez Ibern, Marc"]
[Black "Asis Gargatagli, Hipolit"]
[Result "1/2-1/2"]
[WhiteElo "2241"]
[BlackElo "2406"]
[PlyCount "62"]
[EventDate "2010.06.25"]
[EventType "swiss"]
[EventRounds "9"]
[EventCountry "ESP"]
[Source "lmi"]
[SourceDate "2010.06.25"]

1. e4 e5 2. Nf3 Nc6 3. d4 exd4 4. Bc4 Nf6 5. Ng5 d5 6. exd5 Qe7+ 7. Kf1 Ne5 8.
b3 Nxc4 9. bxc4 Qd8 10. Qe2+ Be7 11. Ba3 Kf8 12. Bxe7+ Qxe7 13. Qxe7+ Kxe7 14.
Na3 c6 15. Re1+ Kf8 16. Ne4 cxd5 17. Nxf6 gxf6 18. cxd5 Bf5 19. Rd1 d3 20. c4
Kg7 21. Nb5 Bg6 22. h4 h5 23. Rh3 Rhd8 24. Rg3 Kh7 25. Rf3 Rac8 26. Rf4 a6 27.
Nd4 b5 28. Nc6 bxc4 29. Nxd8 c3 30. Rd4 Rxd8 31. R1xd3 Bxd3+ 1/2-1/2